[Event "Oberliga NRW 0203 I"]
[Site "Germany"]
[Date "2003.04.06"]
[Round "8.4"]
[White "Fleischer, Andre"]
[Black "Elis, Volker"]
[Result "1/2-1/2"]
[WhiteElo "2037"]
[BlackElo "2106"]
[PlyCount "106"]
[EventDate "2002.10.06"]
[EventType "team"]
[EventRounds "9"]
[EventCountry "GER"]
[SourceTitle "EXT 2004"]
[Source "ChessBase"]
[SourceDate "2003.11.25"]
[SourceVersion "1"]
[SourceVersionDate "2003.11.25"]
[SourceQuality "1"]
[WhiteTeam "Wiehl"]
[BlackTeam "Godesberg II"]
[WhiteTeamCountry "GER"]
[BlackTeamCountry "GER"]

1. e4 e6 2. d4 d5 3. Nd2 a6 4. Ngf3 c5 5. c3 cxd4 6. Nxd4 Nc6 7. Nxc6 bxc6 8. Bd3 Nf6 9. 0-0 Be7 10. Qe2 0-0 11. e5 Nd7 12. f4 a5 13. Rf3 f5 14. exf6 Rxf6 15. Nb3 c5 16. c4 a4 17. Nd2 Bd6 18. Nf1 Nb6 19. Ng3 g6 20. f5 exf5 21. Bg5 Qf8 22. Bxf6 Qxf6 23. cxd5 c4 24. Qe8+ Kg7 25. Bf1 Qd4+ 26. Kh1 Bb7 27. Qe3 Qxe3 28. Rxe3 Bxd5 29. Ree1 a3 30. Rab1 axb2 31. Rxb2 Na4 32. Rd2 Bb4 33. Rxd5 Bxe1 34. Bxc4 Nb6 35. Rc5 Nxc4 36. Rxc4 Rxa2 37. Rc1 Bd2 38. Rf1 Be3 39. h3 Kf6 40. Rf3 Ra1+ 41. Nf1 Bd4 42. g3 Kg5 43. Kg2 Rd1 44. h4+ Kf6 45. Ra3 Bc5 46. Ra2 h6 47. Rc2 Bd6 48. Rd2 Rxd2+ 49. Nxd2 Ke5 50. Kf3 g5 51. Nc4+ Kd5 52. Ne3+ Ke6 53. g4 fxg4+ 1/2-1/2

[Event "Oberliga NRW 0203 I"]
[Site "Germany"]
[Date "2003.01.19"]
[Round "5.4"]
[White "Bischof, Detlef"]
[Black "Fleischer, Andre"]
[Result "1/2-1/2"]
[WhiteElo "2268"]
[BlackElo "2038"]
[PlyCount "82"]
[EventDate "2002.10.06"]
[EventType "team"]
[EventRounds "9"]
[EventCountry "GER"]
[SourceTitle "EXT 2004"]
[Source "ChessBase"]
[SourceDate "2003.11.25"]
[SourceVersion "1"]
[SourceVersionDate "2003.11.25"]
[SourceQuality "1"]
[WhiteTeam "Dortmund Hansa"]
[BlackTeam "Wiehl"]
[WhiteTeamCountry "GER"]
[BlackTeamCountry "GER"]

1. d4 Nf6 2. c4 e6 3. Bg5 d5 4. Nc3 Be7 5. e3 0-0 6. Nf3 h6 7. Bh4 Ne4 8. Bxe7 Qxe7 9. Qc2 Nxc3 10. Qxc3 c6 11. Bd3 Nd7 12. cxd5 exd5 13. 0-0 Nf6 14. Rfc1 Bd7 15. Ne5 Ng4 16. Nxd7 Qxd7 17. h3 Nf6 18. b4 Rfe8 19. Rab1 a6 20. a4 Qd6 21. Qc5 Qxc5 22. Rxc5 Re7 23. b5 axb5 24. axb5 Re6 25. Bf5 Rd6 26. bxc6 bxc6 27. Rb6 g6 28. Rcxc6 Rxc6 29. Rxc6 Kg7 30. Bc2 Ra2 31. g4 Ra1+ 32. Kg2 Rc1 33. Rc5 Kf8 34. Bb3 Rxc5 35. dxc5 Ke7 36. f3 Nd7 37. c6 Nb6 38. e4 dxe4 39. fxe4 f6 40. Kf3 Kd6 41. Bd5 Nc8 1/2-1/2

[Event "Oberliga NRW 0203 I"]
[Site "Germany"]
[Date "2002.11.10"]
[Round "2.4"]
[White "Fleischer, Andre"]
[Black "Bejaoui, Anis"]
[Result "1/2-1/2"]
[WhiteElo "2037"]
[BlackElo "2172"]
[PlyCount "99"]
[EventDate "2002.10.06"]
[EventType "team"]
[EventRounds "9"]
[EventCountry "GER"]
[SourceTitle "EXT 2004"]
[Source "ChessBase"]
[SourceDate "2003.11.25"]
[SourceVersion "1"]
[SourceVersionDate "2003.11.25"]
[SourceQuality "1"]
[WhiteTeam "Wiehl"]
[BlackTeam "Minden"]
[WhiteTeamCountry "GER"]
[BlackTeamCountry "GER"]

1. d4 Nf6 2. c4 g6 3. Nc3 d5 4. cxd5 Nxd5 5. e4 Nxc3 6. bxc3 Bg7 7. Nf3 c5 8. Rb1 0-0 9. Be2 cxd4 10. cxd4 Qa5+ 11. Qd2 Qxd2+ 12. Bxd2 b6 13. 0-0 Bb7 14. d5 Ba6 15. Bxa6 Nxa6 16. Be3 Rfc8 17. Rfc1 Bc3 18. Kf1 Kf8 19. Nd4 Bxd4 20. Bxd4 Ke8 21. Ke2 Kd7 22. Be3 Rxc1 23. Rxc1 Rc8 24. Rxc8 Kxc8 25. Kd3 Kd7 26. Kc4 e6 27. dxe6+ fxe6 28. Bf4 Kc6 29. Be3 Nb8 30. f3 Nd7 31. Bd4 a6 32. a4 Nb8 33. g3 b5+ 34. Kb4 Nd7 35. axb5+ axb5 36. f4 e5 37. fxe5 Nf8 38. Be3 Ne6 39. Ka5 Nd8 40. Kb4 Nf7 41. Bf4 Nd8 42. Be3 Ne6 43. Ka5 g5 44. Kb4 g4 45. Ka5 h5 46. Kb4 Nf8 47. Bg5 Nd7 48. e6 Ne5 49. e7 Nf3 50. e8Q+ 1/2-1/2